书目信息 |
| 题名: |
负载型多酸光催化材料及应用
|
|
| 作者: | 徐蕾 著 | |
| 分册: | ||
| 出版信息: | 长春 东北师范大学出版社 2015 |
|
| 页数: | 211页 | |
| 开本: | 21cm | |
| 丛书名: | ||
| 单 册: | ||
| 中图分类: | TB33 | |
| 科图分类: | ||
| 主题词: | 多酸--光催化剂--复合材料--研究 | |
| 电子资源: | ||
| ISBN: | 978-7-5681-0299-5 | |
| 000 | 01116nam0 2200253 450 | |
| 001 | 012015000100 | |
| 005 | 20151130101946.35 | |
| 010 | @a978-7-5681-0299-5@dCNY45.00 | |
| 100 | @a20150712d2015 em y0chiy50 ea | |
| 101 | 0 | @achi |
| 102 | @aCN@b220000 | |
| 105 | @aa z 000yy | |
| 106 | @ar | |
| 200 | 1 | @a负载型多酸光催化材料及应用@Afu zai xing duo suan guang cui hua cai liao ji ying yong@f徐蕾[等]著 |
| 205 | @a2版 | |
| 210 | @a长春@c东北师范大学出版社@d2015 | |
| 215 | @a211页@c图@d21cm | |
| 304 | @a著者还有:闫景辉、赵妍、臧慧敏 | |
| 330 | @a本书共六章:第一章主要介绍了光化学、半导体光催化和多酸光催化的基本原理及研究现状;第二章介绍了负载型多酸催化剂的主要制备方法、特点及其应用;第三章介绍了常用于固载杂多酸的载体结构、性能及复合材料的特点;第四章介绍了二氧化钛负载型多酸在降解环境内分泌干扰物中的应用;第五章阐述了银掺杂二氧化钛负载型多酸在降解抗生素废水中的应用;第六章介绍了银掺杂二氧化钛负载型多酸在降解农药废水中的应用。 | |
| 606 | 0 | @a多酸@x光催化剂@x复合材料@x研究 |
| 690 | @aTB33@v5 | |
| 701 | 0 | @a徐蕾@Axu lei@4著 |
| 801 | 0 | @aCN@b碧洲教育@c20151127 |
| 905 | @a10447@f4@dTB33@e253=2 | |
| 负载型多酸光催化材料及应用/徐蕾[等]著.-2版.-长春:东北师范大学出版社,2015 |
| 211页:图;21cm |
| ISBN 978-7-5681-0299-5:CNY45.00 |
| 本书共六章:第一章主要介绍了光化学、半导体光催化和多酸光催化的基本原理及研究现状;第二章介绍了负载型多酸催化剂的主要制备方法、特点及其应用;第三章介绍了常用于固载杂多酸的载体结构、性能及复合材料的特点;第四章介绍了二氧化钛负载型多酸在降解环境内分泌干扰物中的应用;第五章阐述了银掺杂二氧化钛负载型多酸在降解抗生素废水中的应用;第六章介绍了银掺杂二氧化钛负载型多酸在降解农药废水中的应用。 |
| ● |
| 相关链接 |
|
|
|
|
正题名:负载型多酸光催化材料及应用
索取号:TB33/253=2
 
预约/预借
| 序号 | 登录号 | 条形码 | 馆藏地/架位号 | 状态 | 备注 |
| 1 | 0871845 | 208718459 | 第二样本阅览室/ [索取号:TB33/253=2] | 在馆 | |
| 2 | 0871846 | 208718468 | 第三借阅区/ [索取号:TB33/253=2] | 在馆 | |
| 3 | 0871847 | 208718477 | 第三借阅区/ [索取号:TB33/253=2] | 在馆 | |
| 4 | 0871848 | 208718486 | 第三借阅区/ [索取号:TB33/253=2] | 在馆 |